Statistics for Which countries have the highest share of GDP as agriculture

Click here to take the quiz!

General Stats

  • This quiz has been taken 16 times
  • The average score is 10 of 20

Answer Stats

Agriculture as share of GDP (%)Country% Correct
38.38Niger
80%
38.98Liberia
73%
26.74Tanzania
73%
36.19Mali
67%
27.11Benin
60%
28.45Burundi
60%
32.14Central African Republic
60%
25.58Mozambique
60%
46.34Chad
53%
35.45Ethiopia
53%
30.86Guinea-Bissau
53%
25.12Madagascar
53%
24.14Nigeria
53%
59.49Sierra Leone
53%
26.25Rwanda
47%
26.82Afghanistan
33%
36.70Comoros
13%
39.77Syria
13%
25.10Uzbekistan
13%
29.44Kiribati
7%

Score Distribution

Percentile by Number Answered

Percent of People with Each Score

Your Score History

You have not taken this quiz